000 00212nam a2200097Ia 4500
008 240331s9999 xx 000 0 und d
082 _bRAJ
100 _aRajadurai, S.V
245 0 _aSolil nanaiyum kalam
942 _cL
999 _c4248
_d4248